000 00217nam a22001097a 4500
100 _aLudluw, Robert
245 _aThe Bancrott Strategy
250 _a2010
260 _bOrion Books
300 _a520
942 _2ddc
_cBK
999 _c11790
_d11790